Le sport en I - Statistiques

Statistiques générales
  • Ce quiz a été pris 309 fois
  • Le résultat moyen est 6 sur 15
Statistiques - réponses
Indice Réponse % Correct
Signification de la lettre "I" dans le sigle CIO International
88%
Score le plus élevé que l'on peut obtenir lors d'une compétiton d'arts martiaux japonais, synonyme de victoire pour le combattant Ippon
75%
Colts, Pacers et le 500 miles Indianapolis
73%
Deuxième pays le plus médaillé au badminton aux Jeux Olympiques Indonésie
70%
Dans plusieurs sports, il s'agit de la période entre deux saisons où plusieurs changements sont réalisés pour tenter de s'améliorer Intersaison
66%
Cycliste espagnol, il est le seul à avoir remporté cinq Tour de France consécutifs Miguel Indurain
53%
Terme qui désigne l'espace entre deux joueurs au rugby, mais également un type d'entrainement qui se divise en bloc de travail et de repos Intervalle
44%
Ville hôte des Jeux Olympiques d'hiver de 1964 Innsbruck
40%
Joueur de basket américain, repêché au premier rang du repêchage de 1996 par les 76's, il est classé au septième rang dans l'histoire de la NBA pour le nombre de points par match en carrière Allen Iverson
34%
Tennisman croate, vainqueur du tournoi de Wimbledon en 2001 Goran Ivanisevic
21%
Nom de l'équipe de la MLB située à Cleveland Indians
14%
Dans plusieurs sports, il s'agit d'un type de faute synonyme d'obstruction Interférence
6%
Golfeur américain ayant remporté trois fois le US Open en 1974, 1979 et 1990 Hale Irwin
2%
Mot qui s'ajoute à "demi" pour désigner le receveur rapproché au football américain, appelé en anglais "Tight end" Inséré
1%
Concours comprenant 20 épreuves sportives Icosathlon
0%
Aucun quiz correspondant
Distribution des résultats
% des personnes avec chaque résultat
Percentile par nombre de réponses
Votre historique - résultats
Vous n’avez pas pris ce quiz